[Event "Xtracon Grand Master "]
[Site "Koge"]
[Date "2014.10.11"]
[Round "1"]
[White "Anghel, Mihai Ursta"]
[Black "Nielsen, Bjorn"]
[Result "1-0"]
[WhiteElo "1835"]
[BlackElo "1398"]
[PlyCount "79"]
[EventDate "2014.??.??"]
[EventType "swiss"]
[EventRounds "9"]
[EventCountry "DEN"]

1. e4 c5 2. Nf3 d6 3. d4 Qa5+ 4. Nc3 Bg4 5. dxc5 Qxc5 6. Be3 Qc8 7. h3 Be6 8.
Qd2 Bc4 9. Bxc4 Qxc4 10. O-O-O Nd7 11. e5 Qe6 12. Bf4 Nxe5 13. Nxe5 dxe5 14.
Bxe5 Nf6 15. Rhe1 Qc8 16. Nb5 e6 17. Nc7+ Qxc7 18. Bxc7 Bc5 19. Qg5 O-O 20.
Qxc5 Rac8 21. Qe5 Ne8 22. Bd6 Nxd6 23. Qxd6 h6 24. Rd2 Rc6 25. Qe7 Rb6 26. Rd7
a5 27. Rd8 Rxd8 28. Qxd8+ Kh7 29. Qxb6 a4 30. g4 Kg6 31. f4 a3 32. f5+ Kg5 33.
fxe6 axb2+ 34. Qxb2 f6 35. Qb5+ Kh4 36. Qh5+ Kg3 37. g5 hxg5 38. Qg4+ Kf2 39.
Re2+ Kf1 40. Qg2# 1-0